Images for Every Subcategory: Religion Quiz Stats

 Plays Quiz Updated Nov 24, 2019

Score 0/10 Timer 06:00
34 Plays Today
Question Answer Wrong Answers
Judaism
Which of these actors is portraying Moses?
Moses
91%
Noah
2.1%
Abraham
4.5%
David
0.7%
Verse
Which of these images completes Verse 1 of Psalm 23 ('The Lord is my ____')?
Shepherd
86.8%
Rock
4.8%
Chariot
1.3%
Light
4.3%
Scripture
Which of these works of art would most likely be associated with the Book of Jonah?
Jonah (Whale)
83.1%
Daniel (Fiery Furnace)
5.5%
Genesis (Babel)
5.8%
Matthew (Magi)
3.2%
Islam
Which of these images is the Kaaba, the structure toward which Muslims are expected to pray?
Kaaba
77.8%
Hagia Sophia
3.6%
Dome of the Rock
14.2%
Taj Mahal
2.8%
Church
Which of these churches is the Sagrada Familia?
Sagrada Familia
75.5%
Notre Dame
4.1%
St Mark's
8.1%
Cologne
10.9%
Christianity
Which of these people is Martin Luther, the central figure of the Protestant Reformation?
Luther
75%
Calvin
11.6%
Leo X
4.9%
Hus
7.7%
Testament
Which of these famous people does NOT share their first name with one of the Twelve Apostles of the New Testament?
William Shakespeare
69.7%
Thomas Edison
8.5%
Simon Cowell
9.9%
James Brown
9.4%
Catholicism
Which of these Popes reigned for at least 25 years?
John Paul II
65.8%
Benedict XVI
14.4%
Paul VI
10.5%
Pius XII
9%
Bible
Which of these images does NOT represent the name of a Book of the Bible?
Paul
47.5%
Numbers
5.3%
Ruth
24.4%
Luke
22.8%
Mythology
Which of these images does NOT represent one of the dominions of Apollo?
Moon
37.1%
Sun
12.3%
Music
17.7%
Medicine
30.8%

You're not logged in!

Compare scores with friends on all Sporcle quizzes.
OR
Log In

Sporcle TV

Today on Sporcle TV


Watch our educational content, quiz creation guides, and fun videos on Sporcle TV.

Show Comments

Extras

Top Quizzes Today


Score Distribution

Your Account Isn't Verified!

In order to create a playlist on Sporcle, you need to verify the email address you used during registration. Go to your Sporcle Settings to finish the process.

Report this User

Report this user for behavior that violates our Community Guidelines.

Details: